000 00497nam a2200181Ia 4500
008 240925s9999 xx 000 0 und d
020 _a8170298229
082 _a621.3815 ECA
100 _aECA ,
245 0 _aUp to Date Cmos: data & comperison tables 4000...7462244 integrated circuits
250 _aNA
260 _aNew Delhi:
_bBPB Publication
_c,1997.
300 _aVarious pages
_bNA
_fOriginal
500 _aNA
600 _aElectronic Engineering
650 _aTechnology
942 _cBK
999 _c3614
_d3614